Southville International School and Colleges
Your cart is empty.
  • Cart
  • Lists
    Public lists Eva Luna New books Lux_list list_1
    Your lists Log in to create your own lists
  • Log in to your account
  • Your cookies
  • Search history
Southville International School and Colleges
  • Advanced search
  • Recent comments
  • Most popular
  • Libraries

Log in to your account

Log in with GOOGLE


If you do not have an external account, but do have a local account, you can still log in:

  1. Home
  2. MARC view: The palace /
Normal view MARC view ISBD view

The palace / (Record no. 281981)

[ view plain ]
MARC details
000 -LEADER
fixed length control field 00346nam a2200133Ia 4500
008 - FIXED-LENGTH DATA ELEMENTS--GENERAL INFORMATION
fixed length control field 150202s9999 xx 000 0 und d
020 ## - INTERNATIONAL STANDARD BOOK NUMBER
International Standard Book Number 553173235
050 ## - LIBRARY OF CONGRESS CALL NUMBER
Classification number FIC
Item number FIC
100 ## - MAIN ENTRY--PERSONAL NAME
Personal name Erdman, Paul.
245 #4 - TITLE STATEMENT
Title The palace /
Statement of responsibility, etc Paul Erdman.
260 ## - PUBLICATION, DISTRIBUTION, ETC. (IMPRINT)
Place of publication, distribution, etc New York :
Name of publisher, distributor, etc Bantam Books,
Date of publication, distribution, etc 1988.
300 ## - PHYSICAL DESCRIPTION
Extent 312 pages :
Dimensions 18 cm.
650 ## - SUBJECT ADDED ENTRY--TOPICAL TERM
Topical term or geographic name as entry element Fiction.

No items available.

The palace /

APA

Erdman P., . (1988). The palace. New York: Bantam Books.

Chicago

Erdman Paul, . 1988. The palace. New York: Bantam Books.

Harvard

Erdman P., . (1988). The palace. New York: Bantam Books.

MLA

Erdman Paul, . The palace. New York: Bantam Books. 1988.

  • Print
  • Cite
  • Add to your cart (remove)
  • Save record
    BIBTEX Dublin Core MARCXML MARC (non-Unicode/MARC-8) MARC (Unicode/UTF-8) MARC (Unicode/UTF-8, Standard) MODS (XML) RIS
  • More searches
    Search for this title in:
    Other Libraries (WorldCat) Other Databases (Google Scholar) Online Stores (Bookfinder.com) Open Library (openlibrary.org)

Exporting to Dublin Core...

SOUTHVILLE LIBRARY

Southville International School and Colleges Library

1281 Tropical Ave. Cor. Luxembourg St., BF Homes International, Las Pinas City

Tel. No. 8256374 / 252358 Loc. 117/146

Powered by Koha